| 000 | 00731nam a2200217 4500 | ||
|---|---|---|---|
| 010 | _aA-991591 | ||
| 020 |
_a8176480843 _c2500.00(set) |
||
| 035 | _aA-991591 | ||
| 037 | _aCen Lib/Ret | ||
| 040 |
_aDPL _bEN |
||
| 082 |
_a341.2354 _bMAD |
||
| 245 |
_aIndia at the United Nations / _cedited by S.K. Madhavan. |
||
| 260 |
_aNew Delhi _b A. P. H. Publishing Corporation _c1999 |
||
| 270 | _bNew Delhi | ||
| 300 |
_a3 v. ; (v 1. 566 ; v 2. 567-800 ; v 3. 801-1093) _b22cm _cill |
||
| 500 | _a3 v. ; v 1. (available) ; v 2. (available) ; v 3. (available). | ||
| 650 | _aUnited Nations -- India. | ||
| 650 | _aIndia -- Foreign relations. | ||
| 700 | _a Madhavan, S. K. | ||
| 942 |
_2ddc _cEN _h341.2354 _mMAD |
||
| 999 |
_c136421 _d136421 |
||